| 000 | 00905nam a22002297a 4500 | ||
|---|---|---|---|
| 008 | 081212t xxu||||| |||| 00| 0beng d | ||
| 010 | _aB-756102-108 ENG-139868 | ||
| 020 |
_c350.00 _a9788183822152 |
||
| 035 | _aB-756102-108 | ||
| 035 | _aEN-123400 | ||
| 037 | _bLotus Press | ||
| 040 | _bEnglish | ||
| 082 | _a921 | ||
| 100 |
_93724 _aGaupta, Sneha |
||
| 245 |
_aWorld's Great scientists / _cby Sneha Gaupta |
||
| 260 |
_aNew Delhi _bLotus Press _c2023 |
||
| 270 |
_a4735/22 , Prakash Deep Building Ansari Road, Darya Ganj, _bNew Delhi _e110002 |
||
| 300 |
_a248p. _c22cm (pbk) |
||
| 600 |
_aBaba Visakha Singh _xBiography. _93725 |
||
| 942 |
_2ddc _cEN _mGUP _h921 |
||
| 999 |
_c199346 _d199346 |
||